Genshin characters by letters - Statistics

General Stats
  • This quiz has been taken 527 times
  • The average score is 19 of 22
Answer Stats
Letter Character % Correct
A Aether, Albedo, Aloy, Amber, Kamisato Ayaka, Kamisato Ayato, Alhaitham
99%
B Barbara, Beidou, Bennett
97%
D Diluc, Diona, Dori
96%
C Candace, Childe, Chongyun, Collei, Cyno
94%
X Xiangling, Xiao, Xingqiu, Xinyan
93%
K Kaedehara Kazuha, Kaeya, Keqing, Klee, Sangonomiya Kokomi
92%
Y Yae Miko, Yanfei, Yao Yao,Yelan, Yoimiya, Yun Jin
92%
R Raiden Shogun, Razor, Rosaria
90%
S Sara, Sayu, Shenhe, Kuki Shinobu, Sucrose
90%
N Nahida, Nilou, Ningguang, Noelle
89%
Z Zhongli
89%
G Ganyu, Gorou
88%
H Heizou, Hu Tao
88%
L Layla, Lisa, Lumine
86%
Q Qiqi
86%
M Mona,
84%
T Thoma, Tighnari
82%
V Venti
81%
E Eula
80%
F Fischl
79%
J Jean
76%
I Arataki Itto
75%
No matching quizzes found
Score Distribution
Percent of People with Each Score
Percentile by Number Answered
Your Score History
You have not taken this quiz